000 00749cab a2200205 4500
001 ##L131384
008 050727n2005 000 0 eng u
035 _a(Sirsi) u131384
041 0 _aeng
100 _aFenwick, Jane
245 0 2 _aA waste of space?
260 _c2005
490 0 _aPremises and Facilities Management
_vOctober 2005, 33-34(3)
520 _aExamines research which shows that office space is being used inefficiently and that it is failing the needs of business. Looks at two recent reports and discusses their findings and how this can be reflected in company productivity.
590 _aIKA081105
690 _aMANAGEMENT-FACILITIES MANAGEMENT
700 1 _aNey, Lydia
700 1 _aHarrington, Jacqui
942 _n0
999 _c104737
_d104737